Great Phobia Quiz - Statistics

General Stats
  • This quiz has been taken 5 times
  • The average score is 8 of 50
Answer Stats
Hint Answer % Correct
fear of confined spaces Claustrophobia
100%
fear of spiders Arachnophobia
80%
fear of death or dead things Necrophobia / Thanatophobia
60%
fear of strangers / foreigners Xenophobia
60%
fear of open or crowded places / situations hard to escape Agoraphobia
40%
fear of water Hydrophobia
40%
fear of phobias / fear of fear itself Phobophobia
40%
fear of fire Pyrophobia
40%
fear of heights Acrophobia
20%
fear of flying Aerophobia
20%
fear of men Androphobia
20%
fear of people in general Anthropophobia
20%
fear of being alone Autophobia
20%
fear of clowns Coulrophobia
20%
fear of dogs Cynophobia
20%
fear of public speaking Glossophobia
20%
fear of women Gynophobia
20%
fear of blood Hemophobia
20%
fear of the dark Nyctophobia
20%
fear of technology Technophobia
20%
fear of the ocean / deep water Thalassophobia
20%
fear of holes / clustered patterns Trypophobia
20%
fear of animals in general Zoophobia
20%
fear of flowers Anthophobia
0%
fear of thunder and lightning Astraphobia
0%
fear of ugliness Cacophobia
0%
fear of dentists or dental treatment Dentophobia
0%
fear of houses / being inside a house Domatophobia
0%
fear of vomiting Emetophobia
0%
fear of insects Entomophobia
0%
fear of aging Gerascophobia
0%
fear of nudity Gymnophobia
0%
fear of sleep Hypnophobia
0%
fear of doctors Iatrophobia
0%
fear of butterflies / moths Lepidopterophobia
0%
fear of the color black / darkness Melanophobia
0%
fear of being alone Monophobia
0%
fear of germs / contamination Mysophobia
0%
fear of disease Nosophobia
0%
fear of snakes Ophidiophobia
0%
fear of birds Ornithophobia
0%
fear of dolls Pediophobia
0%
fear of loud sounds Phonophobia
0%
fear of Halloween Samhainophobia
0%
fear of social interactions Social Phobia
0%
fear of pregnancy / childbirth Tokophobia
0%
fear of the number 13 Triskaidekaphobia
0%
fear of needles / injections Trypanophobia
0%
fear of beautiful women Venustraphobia
0%
fear of the color yellow Xanthophobia
0%
No matching quizzes found
Score Distribution
Percent of People with Each Score
Percentile by Number Answered
Your Score History
You have not taken this quiz